Score 0/31 Timer 06:00
0 Plays Today
Hint Answer % Correct
Not emptyFULL
97.9%
IdenticalSAME
97.5%
Of sound mindSANE
97.3%
A strip of leather worn around the waistBELT
97.2%
An instrument that makes a ringing soundBELL
96.9%
A male bovineBULL
96.9%
One of the three main trigonometric functionsSINE
96.6%
Jackman or Hefner, egHUGH
95.4%
Far above the groundHIGH
95.1%
LargeHUGE
94.9%
A heavy exhaleSIGH
94.7%
OptimalBEST
94.4%
BasinSINK
93.7%
⋆ The Great _____⋆ GAME ⋆
93.3%
A fine fabric, often used in wedding dressesLACE
92.4%
A heavy club that has a metal head with spikesMACE
92%
Hint Answer % Correct
Rowland Hussey _____, founder of a department store, famous for their Thanksgiving paradesMACY
91.9%
A strong windGALE
91.7%
A light toboggan, ridden in a sitting positionLUGE
91.2%
⋆ The Reichenbach _____⋆ FALL ⋆
90.3%
⋆ His _____ Vow ⋆⋆ LAST ⋆
90.1%
⋆ _____ Happy Returns ⋆⋆ MANY ⋆
90%
In caseLEST
88.6%
2019 thriller film starring Octavia Spencer and Naomi WattsLUCE
88.6%
The amount of matter in an objectMASS
88.6%
⋆ The _____ of Three ⋆ ⋆ SIGN ⋆
87.2%
Bold behaviorGALL
86.9%
With 'Le', a city in FranceMANS
84.9%
⋆ A Study in _____⋆ PINK ⋆
81.5%
BeforePAST
79.3%
To leave behindPASS
77.6%

Today's Daily Dose

Word Ladder
Manners?

Quick Pick
Bat and Ball

Get the Picture
Disney Villains VI

You're not logged in!

Compare scores with friends on all Sporcle quizzes.
OR
Log In

Sporcle TV

Today on Sporcle TV


Watch our educational content, quiz creation guides, and fun videos on Sporcle TV.

Show Comments

Extras

Top Quizzes Today


Score Distribution

Paid Content

Your Account Isn't Verified!

In order to create a playlist on Sporcle, you need to verify the email address you used during registration. Go to your Sporcle Settings to finish the process.

Report this User

Report this user for behavior that violates our Community Guidelines.

Details: